| 000 | 00718cab a2200229 4500 | ||
|---|---|---|---|
| 001 | ABS54744 | ||
| 008 | 090401t1996 xxu||||| |||| 00| 0 eng d | ||
| 035 | _a(Sirsi) u12096 | ||
| 041 | _aeng | ||
| 100 | _aKirkwood, J. | ||
| 245 | _aMicrosoft Project | ||
| 260 | _c1996 | ||
| 350 | _a0 | ||
| 490 |
_aEstates Gazette _v(9613) 30 March 1996, 62-64(3) |
||
| 520 | _aReviews project management software system Microsoft Project for Windows 95 and Windows 3.1. Lists alternative packages.. | ||
| 650 | _aMANAGEMENT-PROJECT MANAGEMENT | ||
| 650 | _aSOFTWARE PACKAGES | ||
| 690 | _aMANAGEMENT-BUSINESS MANAGEMENT-INFORMATION MANAGEMENT | ||
| 690 |
_aProject management _96261 |
||
| 942 | _n0 | ||
| 948 | _c04/03/1997 | ||
| 999 |
_c7739 _d7739 |
||